Movies Quiz

Random Movies or Disney Quiz

The Dark Side of Disney Quiz Stats

 Plays Quiz not verified by Sporcle

Score 0/22 Timer 10:00
0 Plays Today
Event in the Original Plot Disney Film % Correct
Characters slice off parts of their feet.Cinderella
56.1%
The hero kills his own children.Hercules
38.5%
The heroine is impregnated by rape.Sleeping Beauty
34.3%
The heroine has no soul.The Little Mermaid
32.7%
The heroine endures constant foot pain.The Little Mermaid
29.6%
The hero's love interest is hanged.The Hunchback of Notre Dame
27.7%
The hero sires fifty children in one night.Hercules
23.8%
The hero dies embracing his love interest's skeleton.The Hunchback of Notre Dame
22.4%
The villain is tortured to death.Snow White and the Seven Dwarfs
16.6%
A hero feeds a severed body part to a wild animal.Peter Pan
15.2%
The heroine's mother-in-law attempts to eat her and her kids.Sleeping Beauty
14.9%
Event in the Original Plot Disney Film % Correct
The villain is eaten alive.Peter Pan
13.9%
A hero is euthanized by gunshot.The Fox and the Hound
12.5%
The hero dances on the villain's removed skin.The Jungle Book
11.7%
The hero's love interest marries his cousin instead.Tarzan
11%
The hero kills another character with a hammer.Pinocchio
8.7%
The villain is crushed to death by buffalo.The Jungle Book
8.1%
A character endorses child abuse.Alice in Wonderland
7.1%
The hero is nearly fried and eaten.Pinocchio
6.9%
The hero bleeds slowly to death.Robin Hood
6.7%
The hero decapitates a villain, then mutilates the head.Robin Hood
5.7%
A hero drives a character to alcoholism.The Fox and the Hound
5.1%

You're not logged in!

Compare scores with friends on all Sporcle quizzes.
OR
Log In

Show Comments

Extras

Top Quizzes Today


Score Distribution

Your Account Isn't Verified!

In order to create a playlist on Sporcle, you need to verify the email address you used during registration. Go to your Sporcle Settings to finish the process.

Report this User

Report this user for behavior that violates our Community Guidelines.

Details: